Hãy kể giấc mơ của em (Tiểu thuyết) = Tell me your dreams

Na minha lista:
Detalhes bibliográficos
Autor principal: Sidney Sheldon
Formato: Livro
Idioma:Undetermined
Publicado em: Hà Nội Văn Học 1999
Assuntos:
Tags: Adicionar Tag
Sem tags, seja o primeiro a adicionar uma tag!
Thư viện lưu trữ: Trung tâm Học liệu Trường Đại học Cần Thơ
LEADER 00605nam a2200181Ia 4500
001 CTU_42662
008 210402s9999 xx 000 0 und d
082 |a 813.5 
082 |b S544h 
100 |a Sidney Sheldon 
245 0 |a Hãy kể giấc mơ của em (Tiểu thuyết) 
245 0 |b = Tell me your dreams 
245 0 |c Sidney Sheldon; Dịch giả: Trần Hoàng Cương 
260 |a Hà Nội 
260 |b Văn Học 
260 |c 1999 
650 |a american fiction ( vietnamese ),american literature - 20th century 
980 |a Trung tâm Học liệu Trường Đại học Cần Thơ